000 00856nam a22002057a 4500
999 _c11133
_d11133
003 AR-CdUCM
008 190403b ||||| |||| 00| 0 spa d
040 _aMUNICIPALIDAD PROVINCIAL DEL CUSCO
_cBIBLIOTECA MUNICIPAL DEL CUSCO
082 _a374.32 /
_bL12 / 1943.
100 _aLabarca Hubertson, Amanda
_928318
245 _aBases para una política educacional /
260 _aBuenos Aires :
_bEdit. Losada,
_c1943.
300 _a215 paginas ;.
_c21 cm.
505 _aContenido : La educación como función social -- Características fundamentales del medio ibero-americano -- Sus atributos esenciales -- Las coordenadas de una política educacional -- Aplicaciones generales...
650 _aEducación y Estado.
_928319
650 _aEscuela básica
_928320
650 _aFactoría de la educación
_928321
942 _2ddc
_cLIBROS
945 _awnts